[Event "Titled Tuesday intern op 13th Feb Late"]
[Site "Chess.com INT"]
[Date "2024.02.13"]
[Round "9"]
[White "Prohaszka, Peter"]
[Black "Seyed Jarrahi, Omid"]
[Result "1/2-1/2"]
[WhiteElo "2578"]
[BlackElo "2452"]
[PlyCount "116"]
[EventDate "2024.02.13"]
[EventType "swiss (blitz)"]
[EventRounds "11"]
[EventCountry "USA"]
[SourceTitle "CBM 218 Extra"]
[Source "ChessBase"]
[SourceDate "2024.03.31"]
[SourceVersion "1"]
[SourceVersionDate "2024.03.31"]
[SourceQuality "1"]

1. d4 d5 2. Nf3 Nf6 3. c3 c5 4. dxc5 e6 5. Be3 a5 6. c4 Na6 7. cxd5 Qxd5 8. Nc3 Qxd1+ 9. Rxd1 Bxc5 10. Bxc5 Nxc5 11. e3 Bd7 12. Ne5 Rd8 13. Nxd7 Ncxd7 14. Be2 0-0 15. Bf3 Nc5 16. Ke2 e5 17. g3 e4 18. Bg2 Rfe8 19. Rxd8 Rxd8 20. Rc1 b6 21. Rc2 Kf8 22. h3 Ke7 23. a3 a4 24. Rd2 Rxd2+ 25. Kxd2 Kd6 26. Bf1 Nd5 27. Bc4 Nxc3 28. Kxc3 f5 29. Kd4 g5 30. g4 Ke7 31. Ke5 fxg4 32. hxg4 Nd3+ 33. Kxe4 Nxf2+ 34. Kf5 Nd1 35. e4 Ne3+ 36. Kxg5 Nxc4 37. Kh6 Nxb2 38. Kxh7 Kf6 39. Kh6 Nd3 40. g5+ Kf7 41. g6+ Kg8 42. Kg5 b5 43. Kf6 b4 44. axb4 a3 45. e5 a2 46. e6 a1Q+ 47. Ke7 Qg7+ 48. Kd6 Kf8 49. b5 Qxg6 50. b6 Nf4 51. b7 Qxe6+ 52. Kc7 Qe7+ 53. Kc8 Ne6 54. b8Q Qc5+ 55. Kd7+ Kf7 56. Qb7 Qe7+ 57. Kc8 Kf6 58. Qxe7+ Kxe7 1/2-1/2

[Event "Titled Tuesday intern op 13th Feb Late"]
[Site "Chess.com INT"]
[Date "2024.02.13"]
[Round "10"]
[White "Seyed Jarrahi, Omid"]
[Black "Jackson, Edward"]
[Result "1-0"]
[WhiteElo "2452"]
[BlackElo "2156"]
[PlyCount "111"]
[EventDate "2024.02.13"]
[EventType "swiss (blitz)"]
[EventRounds "11"]
[EventCountry "USA"]
[SourceTitle "CBM 218 Extra"]
[Source "ChessBase"]
[SourceDate "2024.03.31"]
[SourceVersion "1"]
[SourceVersionDate "2024.03.31"]
[SourceQuality "1"]

1. d4 d5 2. c4 e6 3. Nf3 Nf6 4. g3 Bb4+ 5. Bd2 Be7 6. Bg2 0-0 7. cxd5 exd5 8. 0-0 c6 9. Nc3 Re8 10. Qc2 Nbd7 11. e4 dxe4 12. Nxe4 Nxe4 13. Qxe4 Nf6 14. Qc2 Bd6 15. Rfe1 h6 16. Ne5 Be6 17. Bc3 Bd5 18. Bxd5 Nxd5 19. Qf5 Bxe5 20. dxe5 Nxc3 21. bxc3 g6 22. Qf4 Kg7 23. Rad1 Qe7 24. Qd4 Qe6 25. Qd7 Qxa2 26. Qxb7 Qe6 27. Ra1 a5 28. Ra4 Reb8 29. Qc7 Rb5 30. Rf4 Re8 31. Rf6 Qe7 32. Qxc6 Rxe5 33. Rxe5 Qxe5 34. Rf4 Qe6 35. Qc5 Qe5 36. Qc4 Qe6 37. Qb5 Qe5 38. Qc4 Qe6 39. Qa4 Qd5 40. Qxe8 g5 41. Re4 g4 42. Qe5+ Qxe5 43. Rxe5 Kf6 44. Rxa5 h5 45. Rd5 h4 46. c4 h3 47. c5 Kg6 48. c6 f5 49. c7 f4 50. gxf4 g3 51. hxg3 h2+ 52. Kxh2 Kh6 53. c8Q Kg6 54. Qc6+ Kg7 55. Rd7+ Kh8 56. Qc8# 1-0

[Event "Titled Tuesday intern op 06th Feb Late"]
[Site "Chess.com INT"]
[Date "2024.02.06"]
[Round "6"]
[White "Seyed Jarrahi, Omid"]
[Black "Alarcon Bahamondez, Roberto Ignacio"]
[Result "1/2-1/2"]
[WhiteElo "2452"]
[BlackElo "2335"]
[PlyCount "147"]
[EventDate "2024.02.06"]
[EventType "swiss (blitz)"]
[EventRounds "11"]
[EventCountry "USA"]
[SourceTitle "CBM 218 Extra"]
[Source "ChessBase"]
[SourceDate "2024.03.31"]
[SourceVersion "1"]
[SourceVersionDate "2024.03.31"]
[SourceQuality "1"]

1. e4 c6 2. d4 d5 3. Nc3 dxe4 4. Nxe4 Nf6 5. Nxf6+ exf6 6. c3 Bd6 7. Bd3 0-0 8. h4 Re8+ 9. Ne2 Nd7 10. Be3 Nf8 11. Qd2 Be6 12. h5 b5 13. f3 Qe7 14. Kf2 Qc7 15. Bf4 Bc4 16. Bxd6 Qxd6 17. Nf4 c5 18. Bxc4 bxc4 19. g4 Rab8 20. Ne2 Ne6 21. Rad1 cxd4 22. Nxd4 Nc5 23. Kg2 Nd3 24. b3 Nf4+ 25. Kf1 Rbd8 26. bxc4 h6 27. Rg1 Qc7 28. c5 Nd5 29. Re1 Qxc5 30. Kg2 Rxe1 31. Rxe1 Nxc3 32. Rc1 Qxd4 33. Qxd4 Rxd4 34. Rxc3 Rd2+ 35. Kg3 Rxa2 36. Rc8+ Kh7 37. Rc7 Kg8 38. Rc8+ Kh7 39. Rc7 a5 40. Rxf7 a4 41. Ra7 Ra1 42. Kf4 Kg8 43. Kf5 Kh7 44. Ke6 a3 45. Kf7 a2 46. Kf8 Kh8 47. Ra8 Kh7 48. Kf7 Rf1 49. Rxa2 Rxf3 50. Ke6 Rf4 51. Rg2 Re4+ 52. Kf5 Re5+ 53. Kf4 Rg5 54. Rh2 Kg8 55. Rh1 Re5 56. Ra1 Kf7 57. Ra7+ Re7 58. Ra6 Rd7 59. Rb6 Rd4+ 60. Kf5 Rd5+ 61. Kf4 Rg5 62. Rb7+ Kg8 63. Rb8+ Kh7 64. Rb7 Re5 65. Ra7 Re1 66. Rc7 Rf1+ 67. Ke4 Rg1 68. Kf4 Rd1 69. Ra7 Rd4+ 70. Kf5 Rd5+ 71. Kf4 Rg5 72. Rb7 Kh8 73. Rb8+ Kh7 74. Rb7 1/2-1/2

[Event "Titled Tuesday intern op 06th Feb Late"]
[Site "Chess.com INT"]
[Date "2024.02.06"]
[Round "8"]
[White "Seyed Jarrahi, Omid"]
[Black "Hakobyan, Aram"]
[Result "1-0"]
[WhiteElo "2452"]
[BlackElo "2619"]
[PlyCount "107"]
[EventDate "2024.02.06"]
[EventType "swiss (blitz)"]
[EventRounds "11"]
[EventCountry "USA"]
[SourceTitle "CBM 218 Extra"]
[Source "ChessBase"]
[SourceDate "2024.03.31"]
[SourceVersion "1"]
[SourceVersionDate "2024.03.31"]
[SourceQuality "1"]

1. d4 Nf6 2. Bf4 d5 3. e3 Bg4 4. Nf3 e6 5. Nbd2 c5 6. c3 Nc6 7. h3 Bh5 8. Bd3 Bd6 9. Bxd6 Qxd6 10. 0-0 0-0 11. a4 Rad8 12. Qb1 Rfe8 13. dxc5 Qxc5 14. e4 Bxf3 15. Nxf3 d4 16. Rc1 Qh5 17. b4 Ne5 18. Nxe5 Qxe5 19. c4 Nh5 20. c5 Nf4 21. b5 Qg5 22. g3 Nxh3+ 23. Kg2 Nf4+ 24. Kf1 Ng6 25. c6 b6 26. a5 h5 27. axb6 axb6 28. Qc2 h4 29. gxh4 Qxh4 30. Ke1 Nf4 31. c7 Rc8 32. Bf1 d3 33. Qc6 d2+ 34. Kxd2 Qxf2+ 35. Kc3 Qe3+ 36. Kb2 Qd2+ 37. Rc2 Qb4+ 38. Kc1 Rf8 39. Qxb6 Qxe4 40. Qc6 Qe1+ 41. Kb2 Qb4+ 42. Kc1 Nd5 43. b6 Qe1+ 44. Kb2 Qb4+ 45. Kc1 Nxb6 46. Ba6 Qe1+ 47. Kb2 Qb4+ 48. Kc1 Nd5 49. Bxc8 Qe1+ 50. Kb2 Qb4+ 51. Kc1 Rxc8 52. Ra8 Qe1+ 53. Kb2 Qb4+ 54. Ka2 1-0

[Event "Titled Tuesday intern op 06th Feb Late"]
[Site "Chess.com INT"]
[Date "2024.02.06"]
[Round "9"]
[White "Seyed Jarrahi, Omid"]
[Black "Zhigalko, Sergei"]
[Result "0-1"]
[WhiteElo "2452"]
[BlackElo "2572"]
[PlyCount "42"]
[EventDate "2024.02.06"]
[EventType "swiss (blitz)"]
[EventRounds "11"]
[EventCountry "USA"]
[SourceTitle "CBM 218 Extra"]
[Source "ChessBase"]
[SourceDate "2024.03.31"]
[SourceVersion "1"]
[SourceVersionDate "2024.03.31"]
[SourceQuality "1"]

1. d4 Nf6 2. Bf4 e6 3. e3 b6 4. Nf3 Bb7 5. Nbd2 Nh5 6. Bg5 Be7 7. Bxe7 Qxe7 8. Bd3 d6 9. 0-0 Nd7 10. c4 0-0 11. Qc2 Nhf6 12. Ne4 c5 13. Nfd2 Rac8 14. b3 cxd4 15. exd4 d5 16. Nxf6+ Nxf6 17. Rfe1 Rfd8 18. Qb2 Qd6 19. cxd5 Qxd5 20. Nf3 Qd6 21. Ng5 Qxd4 0-1

[Event "Titled Tuesday intern op 23rd Jan Late"]
[Site "Chess.com INT"]
[Date "2024.01.23"]
[Round "4"]
[White "Iturrizaga Bonelli, Eduardo"]
[Black "Seyed Jarrahi, Omid"]
[Result "1-0"]
[WhiteElo "2600"]
[BlackElo "2452"]
[PlyCount "121"]
[EventDate "2024.01.23"]
[EventType "swiss (blitz)"]
[EventRounds "11"]
[EventCountry "USA"]
[SourceTitle "CBM 218 Extra"]
[Source "ChessBase"]
[SourceDate "2024.03.31"]
[SourceVersion "1"]
[SourceVersionDate "2024.03.31"]
[SourceQuality "1"]

1. c4 c6 2. Nf3 d5 3. e3 Nf6 4. Nc3 Bf5 5. cxd5 Nxd5 6. Bc4 e6 7. 0-0 Nxc3 8. bxc3 Bd6 9. Qe2 0-0 10. h3 Nd7 11. e4 Bg6 12. d4 e5 13. Rd1 Qc7 14. Nh4 Rfe8 15. Nxg6 hxg6 16. f4 exf4 17. e5 Qd8 18. Bxf4 Nb6 19. Bb3 Nd5 20. Bd2 Be7 21. Rf1 a5 22. a4 Bg5 23. Bxd5 cxd5 24. Bxg5 Qxg5 25. Rab1 Re7 26. Rb5 Rc8 27. Qd3 Qh4 28. Rxd5 Rec7 29. Qf3 Qh6 30. c4 Qd2 31. c5 Qa2 32. Rd6 Qxa4 33. Qd5 Kh7 34. Rxf7 Qd1+ 35. Rf1 Qd3 36. Rf3 Qe2 37. Kh2 Re8 38. Qb3 Qe4 39. Rg3 Qf4 40. Rdxg6 Qxd4 41. Qb1 Kh8 42. R6g4 Qxe5 43. Rh4+ Kg8 44. Qh7+ Kf8 45. Rh5 Qe6 46. Rf5+ Ke7 47. Rxg7+ Kd8 48. Rxc7 Qxf5 49. Qxf5 Kxc7 50. Qf4+ Kc6 51. Qd6+ Kb5 52. Qd7+ Kxc5 53. Qxe8 b5 54. Qe7+ Kc4 55. Qc7+ Kb4 56. g4 a4 57. g5 a3 58. g6 Kb3 59. g7 b4 60. g8Q+ Kb2 61. Qgg7+ 1-0

[Event "Titled Tuesday intern op 23rd Jan Late"]
[Site "Chess.com INT"]
[Date "2024.01.23"]
[Round "2"]
[White "Paravyan, David"]
[Black "Seyed Jarrahi, Omid"]
[Result "1-0"]
[WhiteElo "2612"]
[BlackElo "2452"]
[PlyCount "173"]
[EventDate "2024.01.23"]
[EventType "swiss (blitz)"]
[EventRounds "11"]
[EventCountry "USA"]
[SourceTitle "CBM 218 Extra"]
[Source "ChessBase"]
[SourceDate "2024.03.31"]
[SourceVersion "1"]
[SourceVersionDate "2024.03.31"]
[SourceQuality "1"]

1. e4 c5 2. Nf3 d6 3. d4 cxd4 4. Nxd4 Nf6 5. Nc3 e5 6. Bb5+ Bd7 7. Bxd7+ Qxd7 8. Nb3 h6 9. 0-0 Be7 10. Be3 0-0 11. Qd3 Na6 12. a3 Nc7 13. Rad1 Rfd8 14. h3 d5 15. exd5 Ncxd5 16. Nxd5 Nxd5 17. c4 Nf6 18. Qxd7 Rxd7 19. Rxd7 Nxd7 20. Rd1 Nb6 21. Bxb6 axb6 22. Rd7 Bf6 23. Rxb7 e4 24. Nd2 Bxb2 25. Nxe4 Bxa3 26. Rxb6 Rc8 27. Ra6 Rxc4 28. f3 Bc5+ 29. Kf1 Bd4 30. Ke2 Rb4 31. Kd3 g6 32. h4 h5 33. g4 hxg4 34. fxg4 Kg7 35. h5 gxh5 36. gxh5 Rb6 37. Ra5 Bf6 38. Rd5 Kh6 39. Nd6 Rb3+ 40. Kc4 Rc3+ 41. Kb5 Rc7 42. Ne8 Rb7+ 43. Kc6 Ra7 44. Kb6 Re7 45. Nd6 Re6 46. Kb5 Be5 47. Nxf7+ Kxh5 48. Nxe5 Kg5 49. Kc4 Kf6 50. Nd3 Rc6+ 51. Nc5 Rc8 52. Rd1 Rh8 53. Rf1+ Ke7 54. Re1+ Kd6 55. Re6+ Kc7 56. Rf6 Rh4+ 57. Kb5 Rh1 58. Rf7+ Kd6 59. Rd7+ Ke5 60. Nd3+ Ke6 61. Rd4 Rb1+ 62. Kc6 Ra1 63. Re4+ Kf5 64. Re5+ Kf6 65. Re2 Ra6+ 66. Kd5 Ra5+ 67. Nc5 Ra1 68. Ne4+ Kf5 69. Rf2+ Kg4 70. Rf8 Rb1 71. Nd6 Rd1+ 72. Ke5 Ra1 73. Nc4 Re1+ 74. Kd4 Rd1+ 75. Ke4 Re1+ 76. Ne3+ Kg5 77. Rf3 Kg6 78. Ke5 Rb1 79. Rg3+ Kf7 80. Nc4 Ke7 81. Rg7+ Kd8 82. Ra7 Rd1 83. Ke6 Rh1 84. Nd6 Rh6+ 85. Kd5 Rh5+ 86. Kc6 Rh1 87. Rd7# 1-0

[Event "Titled Tuesday intern op 23rd Jan Late"]
[Site "Chess.com INT"]
[Date "2024.01.23"]
[Round "5"]
[White "Seyed Jarrahi, Omid"]
[Black "Ronka, Erik"]
[Result "1-0"]
[WhiteElo "2452"]
[BlackElo "2291"]
[PlyCount "73"]
[EventDate "2024.01.23"]
[EventType "swiss (blitz)"]
[EventRounds "11"]
[EventCountry "USA"]
[SourceTitle "CBM 218 Extra"]
[Source "ChessBase"]
[SourceDate "2024.03.31"]
[SourceVersion "1"]
[SourceVersionDate "2024.03.31"]
[SourceQuality "1"]

1. d4 d5 2. Bf4 c5 3. e3 Nc6 4. c3 Nf6 5. Nd2 cxd4 6. exd4 Bg4 7. Ngf3 e6 8. Qb3 Qc8 9. Bd3 Bh5 10. 0-0 Bg6 11. Bb5 Be7 12. Ne5 0-0 13. Nxg6 hxg6 14. Nf3 Ne4 15. Bd3 Bd6 16. Bxe4 Bxf4 17. Bd3 Qd7 18. Rfe1 Rab8 19. Rad1 Rfc8 20. Re2 a6 21. Rde1 b5 22. Qd1 a5 23. b3 b4 24. c4 dxc4 25. Bxc4 Nd8 26. d5 exd5 27. Qxd5 Qxd5 28. Bxd5 Nc6 29. g3 Bd6 30. Ng5 Rb7 31. Rc2 Na7 32. Rxc8+ Nxc8 33. Re8+ Bf8 34. Bxb7 Nd6 35. Rb8 f6 36. Ne6 Kf7 37. Nxf8 1-0

[Event "Titled Tuesday intern op 16th Jan Late"]
[Site "Chess.com INT"]
[Date "2024.01.16"]
[Round "2"]
[White "Oparin, Grigoriy"]
[Black "Seyed Jarrahi, Omid"]
[Result "1-0"]
[WhiteElo "2664"]
[BlackElo "2452"]
[PlyCount "129"]
[EventDate "2024.01.16"]
[EventType "swiss (blitz)"]
[EventRounds "11"]
[EventCountry "USA"]
[SourceTitle "CBM 218 Extra"]
[Source "ChessBase"]
[SourceDate "2024.03.31"]
[SourceVersion "1"]
[SourceVersionDate "2024.03.31"]
[SourceQuality "1"]

1. Nf3 d5 2. g3 Bf5 3. Bg2 c6 4. c4 e6 5. Qb3 Qb6 6. d3 Nd7 7. Be3 Bc5 8. Bxc5 Nxc5 9. Qxb6 axb6 10. cxd5 exd5 11. Nc3 Nf6 12. 0-0 h6 13. a4 0-0 14. b4 Ne6 15. a5 bxa5 16. bxa5 Ra6 17. Rfb1 Rfa8 18. Rxb7 Rxa5 19. Rab1 Nc5 20. Rb8+ Kh7 21. h3 Ra3 22. Rxa8 Rxa8 23. Nd4 Bd7 24. Rc1 Ne6 25. Nxe6 fxe6 26. d4 Ra5 27. Nb1 Ra2 28. e3 Kg6 29. Nc3 Ra3 30. Ne2 Kf7 31. Rb1 Ra7 32. Nf4 Ke7 33. Ng6+ Kd6 34. Rb2 c5 35. Rb6+ Bc6 36. Ne5 Rc7 37. Ra6 Nd7 38. Nxd7 Rxd7 39. dxc5+ Kxc5 40. f4 Re7 41. Kf2 e5 42. g4 exf4 43. exf4 Rc7 44. Ra2 d4 45. Bxc6 Rxc6 46. Ra7 g6 47. Kf3 Kc4 48. Ra4+ Kd3 49. f5 gxf5 50. gxf5 Kc3 51. Ke4 Rc8 52. Ra3+ Kc4 53. f6 Re8+ 54. Kf5 d3 55. f7 Rd8 56. Ra1 Kc3 57. Kg6 Rf8 58. Kg7 Rd8 59. f8Q Rxf8 60. Kxf8 d2 61. h4 Kc2 62. h5 d1Q 63. Rxd1 Kxd1 64. Kg7 Ke2 65. Kxh6 1-0

[Event "Titled Tuesday intern op 16th Jan Late"]
[Site "Chess.com INT"]
[Date "2024.01.16"]
[Round "1"]
[White "Seyed Jarrahi, Omid"]
[Black "Longson, Alexander"]
[Result "1-0"]
[WhiteElo "2452"]
[BlackElo "2261"]
[PlyCount "97"]
[EventDate "2024.01.16"]
[EventType "swiss (blitz)"]
[EventRounds "11"]
[EventCountry "USA"]
[SourceTitle "CBM 218 Extra"]
[Source "ChessBase"]
[SourceDate "2024.03.31"]
[SourceVersion "1"]
[SourceVersionDate "2024.03.31"]
[SourceQuality "1"]

1. d4 d5 2. Bf4 Nf6 3. e3 c5 4. c3 Nc6 5. Nd2 cxd4 6. exd4 Bf5 7. Qb3 Qb6 8. Qxb6 axb6 9. Ngf3 e6 10. Bb5 Nd7 11. 0-0 Be7 12. Rfe1 h6 13. Ne5 Ndxe5 14. Bxe5 0-0 15. Bc7 Bd8 16. Bd6 Re8 17. Nf3 Be7 18. Bg3 Rec8 19. a4 Na7 20. Bf1 Nc6 21. Ne5 Nxe5 22. Bxe5 Kf8 23. f3 Bc2 24. Bb5 Bb3 25. Kf2 Bc4 26. Ke3 Ra5 27. b4 Raa8 28. Kd2 Bg5+ 29. Kc2 Be7 30. Kb2 Ra7 31. Bxc4 Rxc4 32. Ra3 Ra8 33. a5 b5 34. g4 Ra6 35. Bg3 Rac6 36. Re3 Ra6 37. h4 g6 38. f4 Kg7 39. f5 gxf5 40. gxf5 Bf6 41. Ra1 exf5 42. Rg1 Kf8 43. Rf1 Re6 44. Ref3 Re2+ 45. Kb3 Bxd4 46. cxd4 Rcc2 47. Rb1 Rcd2 48. Be5 Ke7 49. Bf4 1-0

[Event "Titled Tuesday intern op 16th Jan Late"]
[Site "Chess.com INT"]
[Date "2024.01.16"]
[Round "9"]
[White "Seyed Jarrahi, Omid"]
[Black "Velikanov, Alexander"]
[Result "0-1"]
[WhiteElo "2452"]
[BlackElo "2387"]
[PlyCount "78"]
[EventDate "2024.01.16"]
[EventType "swiss (blitz)"]
[EventRounds "11"]
[EventCountry "USA"]
[SourceTitle "CBM 218 Extra"]
[Source "ChessBase"]
[SourceDate "2024.03.31"]
[SourceVersion "1"]
[SourceVersionDate "2024.03.31"]
[SourceQuality "1"]

1. d4 e6 2. Bf4 f5 3. Nf3 Nf6 4. e3 g6 5. c3 Bg7 6. h3 0-0 7. Nbd2 d6 8. Bc4 Nc6 9. 0-0 Qe7 10. a4 Kh8 11. a5 e5 12. dxe5 dxe5 13. Bh2 e4 14. Nd4 Ne5 15. b4 c5 16. Nc2 Rd8 17. Bxe5 Qxe5 18. bxc5 Qxc3 19. Nd4 Nh5 20. Qc1 Bxd4 21. exd4 Qxd4 22. Nb3 Qe5 23. Qg5 Be6 24. Rac1 Nf4 25. Rfe1 Bxc4 26. Rxc4 Rd3 27. Nc1 Rxh3 28. c6 bxc6 29. Rxc6 Rf8 30. g3 Ne6 31. Qd2 f4 32. Rc4 fxg3 33. f4 Qh5 34. Qg2 Nxf4 35. Qxe4 g2 36. Qd4+ Kg8 37. Qxf4 Rh1+ 38. Kf2 Rxf4+ 39. Rxf4 Rxe1 0-1

[Event "Raskazovo"]
[Site "Raskazovo"]
[Date "2016.11.30"]
[Round "2"]
[White "Trubizin, Ivan"]
[Black "Seyed Jarrahi, Omid"]
[Result "0-1"]
[WhiteElo "2141"]
[BlackElo "2400"]
[PlyCount "84"]
[EventDate "2016.11.29"]
[EventType "tourn"]
[EventRounds "9"]
[EventCountry "RUS"]
[EventCategory "3"]
[SourceTitle "EXT 2018"]
[Source "ChessBase"]
[SourceDate "2017.10.13"]
[SourceVersion "1"]
[SourceVersionDate "2017.10.13"]
[SourceQuality "1"]

1. d4 d5 2. Bf4 Nf6 3. e3 c5 4. c3 Qb6 5. Qc1 Nc6 6. Nd2 Bf5 7. Ngf3 e6 8. Be2 Be7 9. 0-0 0-0 10. a3 Rfc8 11. h3 h6 12. Bd1 cxd4 13. exd4 a5 14. Bc2 Bxc2 15. Qxc2 Nxd4 16. Nxd4 Qxd4 17. Be3 Qe5 18. Rae1 Qc7 19. f4 Bc5 20. Bxc5 Qxc5+ 21. Kh2 a4 22. Nf3 Ne4 23. Re2 Qe7 24. Qd3 Qf6 25. g3 Ra6 26. Kg2 Rb6 27. Ne5 Rb3 28. Qd4 Ra8 29. f5 exf5 30. Qxd5 Rd8 31. Nd7 Qa6 32. Rfe1 Nd6 33. Nc5 Qa5 34. Qd4 Rb5 35. Nd3 Ne4 36. Qc4 g6 37. g4 Rb6 38. gxf5 gxf5 39. Kh2 Rg6 40. Nf4 Qe5 41. Rf1 Rd1 42. Rf3 Rgg1 0-1

[Event "Dubna Suetin Memorial"]
[Site "Dubna"]
[Date "2016.11.24"]
[Round "12"]
[White "Seyed Jarrahi, Omid"]
[Black "Golovin, Nikolay M"]
[Result "1-0"]
[WhiteElo "2400"]
[BlackElo "2223"]
[PlyCount "101"]
[EventDate "2016.11.16"]
[EventType "tourn"]
[EventRounds "13"]
[EventCountry "RUS"]
[EventCategory "5"]
[SourceTitle "CBM 175 Extra"]
[Source "ChessBase"]
[SourceDate "2016.12.12"]
[SourceVersion "1"]
[SourceVersionDate "2016.12.12"]
[SourceQuality "1"]

1. d4 Nf6 2. Nf3 e6 3. c4 Bb4+ 4. Nbd2 0-0 5. a3 Be7 6. e4 d5 7. e5 Ne4 8. Bd3 Nxd2 9. Bxd2 dxc4 10. Bxc4 c5 11. Be3 cxd4 12. Qxd4 Qxd4 13. Nxd4 a6 14. Be2 Nd7 15. f4 Nb6 16. Nxe6 Nd5 17. Nxf8 Nxe3 18. Kf2 Nc2 19. Rac1 Nd4 20. Nxh7 Nxe2 21. Kxe2 Bg4+ 22. Kf2 Kxh7 23. Rc7 Re8 24. Rxb7 Be6 25. Rc1 Bf8 26. b4 Rd8 27. Ke3 Bd5 28. Rd1 Kg6 29. Rb6+ Kf5 30. Rxa6 f6 31. Ra5 Ke6 32. Ra6+ Kf5 33. exf6 Re8+ 34. Kf2 Bc4 35. fxg7 Bxa6 36. Rd5+ Kxf4 37. Rd4+ Ke5 38. g8Q Kxd4 39. Qf7 Ra8 40. Qf4+ Kc3 41. Qf3+ Kb2 42. Qxa8 Bg7 43. Qxa6 Bd4+ 44. Kf3 Be5 45. Qe6 Bd4 46. b5 Bc3 47. Qc4 Kxa3 48. Qxc3+ Ka2 49. Qc6 Kb1 50. b6 Ka2 51. b7 1-0

[Event "Dubna Suetin Memorial"]
[Site "Dubna"]
[Date "2016.11.21"]
[Round "9"]
[White "Kravchenko, Alexander"]
[Black "Seyed Jarrahi, Omid"]
[Result "0-1"]
[WhiteElo "1924"]
[BlackElo "2400"]
[PlyCount "66"]
[EventDate "2016.11.16"]
[EventType "tourn"]
[EventRounds "13"]
[EventCountry "RUS"]
[EventCategory "5"]
[SourceTitle "CBM 175 Extra"]
[Source "ChessBase"]
[SourceDate "2016.12.12"]
[SourceVersion "1"]
[SourceVersionDate "2016.12.12"]
[SourceQuality "1"]

1. d4 Nf6 2. c4 e6 3. Nf3 b6 4. Nc3 Bb4 5. Bg5 Bb7 6. e3 h6 7. Bh4 Bxc3+ 8. bxc3 d6 9. Bd3 Nbd7 10. a4 a5 11. Qc2 e5 12. Bf5 Qe7 13. Bxd7+ Qxd7 14. Bxf6 gxf6 15. d5 Qg4 16. Qe2 Ba6 17. Nd2 Qxg2 18. e4 Qg5 19. Rg1 Qf4 20. Rg3 Bc8 21. 0-0-0 Bd7 22. Rdg1 Ke7 23. Kb2 h5 24. Kb3 h4 25. R3g2 Bh3 26. Rg7 Qxh2 27. Nf1 Qf4 28. Ne3 Bd7 29. Ng2 Qh6 30. Ne3 h3 31. R7g3 Qf4 32. Nf5+ Bxf5 33. exf5 Qxf5 0-1

[Event "Dubna Suetin Memorial"]
[Site "Dubna"]
[Date "2016.11.19"]
[Round "6"]
[White "Seyed Jarrahi, Omid"]
[Black "Kobjakov, Vladimir"]
[Result "1-0"]
[WhiteElo "2400"]
[BlackElo "2325"]
[PlyCount "95"]
[EventDate "2016.11.16"]
[EventType "tourn"]
[EventRounds "13"]
[EventCountry "RUS"]
[EventCategory "5"]
[SourceTitle "CBM 175 Extra"]
[Source "ChessBase"]
[SourceDate "2016.12.12"]
[SourceVersion "1"]
[SourceVersionDate "2016.12.12"]
[SourceQuality "1"]

1. e4 e5 2. Nf3 Nc6 3. Bb5 a6 4. Ba4 Nf6 5. 0-0 Be7 6. Re1 b5 7. Bb3 d6 8. c3 0-0 9. h3 Nb8 10. d4 Nbd7 11. c4 Bb7 12. Qc2 Re8 13. Nc3 exd4 14. Nxd4 b4 15. Nd5 Bf8 16. Bg5 h6 17. Bh4 c6 18. Nxf6+ Nxf6 19. c5 g5 20. cxd6 gxh4 21. e5 Nd5 22. Nxc6 Bxc6 23. Qxc6 Nf4 24. d7 Re7 25. Rad1 Ra7 26. Qc8 Ra8 27. Qc4 Ne6 28. Ba4 Ra7 29. Qxh4 Raxd7 30. Bxd7 Rxd7 31. Qxd8 Rxd8 32. Rxd8 Nxd8 33. Rc1 Ne6 34. Rc6 Bc5 35. Rxa6 Kg7 36. g3 Bd4 37. Ra4 b3 38. axb3 Bxe5 39. b4 Bxb2 40. b5 Bd4 41. Kg2 Kf6 42. f4 Kf5 43. Kf3 Bc5 44. Ra6 Nd4+ 45. Kg2 Ne6 46. Rc6 h5 47. b6 Bxb6 48. Rxb6 1-0

[Event "Dubna Suetin Memorial"]
[Site "Dubna"]
[Date "2016.11.16"]
[Round "1"]
[White "Seyed Jarrahi, Omid"]
[Black "Arakeljan, Armen M"]
[Result "1/2-1/2"]
[WhiteElo "2400"]
[BlackElo "2334"]
[PlyCount "80"]
[EventDate "2016.11.16"]
[EventType "tourn"]
[EventRounds "13"]
[EventCountry "RUS"]
[EventCategory "5"]
[SourceTitle "CBM 175 Extra"]
[Source "ChessBase"]
[SourceDate "2016.12.12"]
[SourceVersion "1"]
[SourceVersionDate "2016.12.12"]
[SourceQuality "1"]

1. d4 Nf6 2. c4 e6 3. Nf3 b6 4. g3 Ba6 5. b3 Bb4+ 6. Bd2 Be7 7. Nc3 d5 8. cxd5 exd5 9. Bg2 0-0 10. 0-0 Bb7 11. Bc1 Na6 12. Bb2 c6 13. Rc1 Nc7 14. Ne5 Ne6 15. e4 dxe4 16. Nxe4 Rc8 17. Nxf6+ Bxf6 18. Ba3 Nxd4 19. Bxf8 Bxe5 20. Re1 Bf6 21. Bb4 Qd7 22. Re3 Ba6 23. Bf1 Bb7 24. Bc3 c5 25. Bg2 Ba6 26. Qh5 Qc7 27. Bxd4 Bxd4 28. Re4 g6 29. Qh6 Bg7 30. Qe3 Bf6 31. Re8+ Rxe8 32. Qxe8+ Kg7 33. Bd5 Bd3 34. Kg2 Bf5 35. Re1 h5 36. h4 Bg4 37. Re4 Bf5 38. Re2 Bg4 39. Re3 Bf5 40. Re2 Bg4 1/2-1/2